| 000 | 004770000a22001930004500 | ||
|---|---|---|---|
| 001 | 004628 | ||
| 003 | MACL | ||
| 005 | 20151011173911.0 | ||
| 008 | 151011b xxu||||| |||| 00| 0 eng d | ||
| 040 |
_aMACL _cMACL |
||
| 041 | _aEnglish | ||
| 082 | _a920/EZE | ||
| 100 |
_aEzekiel, Gulu _914500 |
||
| 245 |
_aThe A To Z Of Sachin Tendulkar _cGulu Ezekiel |
||
| 260 |
_aNew Delhi _c2006 _bUBS Publishers, |
||
| 350 | _a195 | ||
| 650 |
_aBiography _914501 |
||
| 942 |
_k920 _cBK _2ddc |
||
| 999 |
_c16515 _d16515 |
||